Use and misuse of forest-harvested fruits in the Iquitos area (Registro nro. 9262)

Detalles MARC
000 -CABECERA
Campo de control 005110000a22001690004500
090 ## - CLASIFICACIÓN LOCAL
Colección AR
Consecutivo 00161
041 0# - IDIOMA
Código de idioma para texto/pista de sonido o título separado
100 1# - ASIENTO PRINCIPAL--NOMBRE PERSONAL
Nombre personal Vasquez, Rodolfo
245 10 - MENCION DE TITULO
Título Use and misuse of forest-harvested fruits in the Iquitos area
650 14 - ASIENTO SECUNDARIO DE MATERIA - TERMINO TEMATICO
Término temático o nombre geográfico como elemento de entrada Frutas silvestres
650 14 - ASIENTO SECUNDARIO DE MATERIA - TERMINO TEMATICO
Término temático o nombre geográfico como elemento de entrada Bosques tropicales
650 14 - ASIENTO SECUNDARIO DE MATERIA - TERMINO TEMATICO
Término temático o nombre geográfico como elemento de entrada Uso de los recursos
651 #4 - ASIENTO SECUNDARIO DE MATERIA - NOMBRE GEOGRAFICO
-- Iquitos
-- Perú
700 1# - ASIENTO SECUNDARIO - NOMBRE PERSONAL
Nombre personal Gentry, Alwyn H.
773 1# - Item fuente:
Título Conservation Biology
Especificación de materiales 24
Descripción física 4
Paginas del Articulo 350-361
Lugar, editorial y fecha de publicación 1989
Información sobre la relación 3
942 ## - ELEMENTOS ADICIONALES (KOHA)
Tipo de ítem Artículo
Existencias
Withdrawn status Lost status Damaged status No para préstamo Colección Ubicación Permanente Ubicación actual Fecha de adquisición Datos de publicación Seriada Total Checkouts Número topográfico Inventario / Código de Barras Date last seen Ejemplar Price effective from Forma de adquisición Tipo de material
      No para Préstamo Hemeroteca Bogotá Bogotá 27/02/2015 Fuera de circulación   AR 00161 010398 25/03/2015 1 25/03/2015   Artículo